00388nam a2200109Ia 4500008004100000082001800041100006000059245006800119260006000187300001100247650002000258230907s9999||||xx |||||||||||||| ||und|| a347.5109bWAN aWang, Guiguo; Lee, Yuk Lun and Leung, Priscilla Mei-fun 0aDispute Resolution Mechanism for the Belt and Road Initiative / aZhejiang University Press; Springer,bSingapore :c2020 a240 p. aChinese Studies